[Event "Championnat de France Minimes"]
[Site "MONTBELIARD"]
[Date "2014.04.24"]
[Round "6.6"]
[White "Auvray, Honorine"]
[Black "Rouffignac, Marie"]
[Result "1-0"]
[WhiteElo "1966"]
[BlackElo "1838"]
[PlyCount "129"]
[EventDate "2014.??.??"]

1. e4 c5 2. Nf3 d6 3. d4 cxd4 4. Nxd4 Nf6 5. Nc3 g6 6. f3 Bg7 7. Be3 O-O 8. Qd2
Nc6 9. g4 Be6 10. h4 d5 11. g5 Nh5 12. Nxe6 fxe6 13. exd5 exd5 14. Qxd5+ Qxd5
15. Nxd5 Rxf3 16. Be2 Rf5 17. Bc4 Kh8 18. O-O-O Na5 19. Bb3 Nxb3+ 20. axb3 e5
21. Nc7 Rc8 22. Rd7 Kg8 23. Bxa7 Rf7 24. Rxf7 Kxf7 25. Rf1+ Nf4 26. Nd5 Ra8 27.
Nxf4 Rxa7 28. Nd3+ Ke7 29. Kd2 b6 30. Ke3 Ke6 31. c4 Rd7 32. Nf2 Rf7 33. Rh1
Bf8 34. Nd3 Rf5 35. b4 h6 36. gxh6 Bxh6+ 37. Ke4 Rh5 38. c5 bxc5 39. bxc5 g5
40. Nxe5 Rxh4+ 41. Rxh4 gxh4 42. Ng6 Bc1 43. b3 Bg5 44. Nf4+ Kd7 45. Nh3 Bd2
46. Kd5 Kc7 47. Kc4 Be3 48. b4 Kc6 49. b5+ Kb7 50. Kd5 Bd2 51. Kd6 Bb4 52. Nf4
Ba3 53. Kd5 Bc1 54. Nh3 Be3 55. Kd6 Bd4 56. Nf4 Be3 57. c6+ Kc8 58. Nd5 h3 59.
c7 Bf4+ 60. Nxf4 h2 61. Nd5 h1=Q 62. Ne7+ Kb7 63. c8=Q+ Ka7 64. Nc6+ Qxc6+ 65.
bxc6 1-0

[Event "Championnat de France Minimes"]
[Site "MONTBELIARD"]
[Date "2014.04.24"]
[Round "6.7"]
[White "Afraoui, Anaelle"]
[Black "Haussernot, Cecile"]
[Result "1-0"]
[WhiteElo "1812"]
[BlackElo "2003"]
[PlyCount "81"]
[EventDate "2014.??.??"]

1. e4 c5 2. Nf3 d6 3. d4 cxd4 4. Nxd4 Nf6 5. Nc3 a6 6. Bg5 Nbd7 7. f4 Qc7 8.
Qe2 e6 9. O-O-O Be7 10. g4 b5 11. Bg2 Bb7 12. e5 dxe5 13. Bxb7 Qxb7 14. fxe5
Nd5 15. Ne4 O-O 16. Bxe7 Nxe7 17. Nd6 Qc7 18. Rhf1 Nd5 19. Nf3 Rad8 20. Ng5
Nxe5 21. Ndxf7 Nxf7 22. Nxe6 Qe7 23. Rfe1 Qd7 24. Nxf8 Rxf8 25. Qf3 Rd8 26. Rd2
Ng5 27. Qb3 Ne6 28. Re5 Nef4 29. Rf5 Qd6 30. Qf3 Re8 31. Rfxd5 Qh6 32. Rd8 Rxd8
33. Rxd8+ Kf7 34. Rd4 g5 35. Qb7+ Kf6 36. Rd6+ Ne6 37. Qd5 Ke7 38. Rd7+ Ke8 39.
Ra7 Qf6 40. Qd7+ Kf8 41. Ra8+ 1-0

[Event "Championnat de France Minimes"]
[Site "MONTBELIARD"]
[Date "2014.04.24"]
[Round "6.8"]
[White "Nicolas, Gabrielle"]
[Black "Chung, Mathilde"]
[Result "0-1"]
[WhiteElo "1727"]
[BlackElo "1949"]
[PlyCount "114"]
[EventDate "2014.??.??"]

1. d4 Nf6 2. Nf3 g6 3. e3 Bg7 4. Be2 O-O 5. O-O c5 6. c3 d5 7. b3 b6 8. Bb2 Bb7
9. c4 dxc4 10. Bxc4 cxd4 11. Nxd4 Nbd7 12. Nd2 Rc8 13. Rc1 a6 14. b4 b5 15. Bb3
Nb6 16. Qe2 Nfd5 17. a3 e5 18. N4f3 Qe7 19. Nb1 Kh8 20. Nc3 Nc4 21. Ba1 Nxc3
22. Bxc3 Nxa3 23. Nd2 Rc7 24. e4 Rfc8 25. Qd3 Nc4 26. Nf3 Nd6 27. Bd5 Bxd5 28.
exd5 e4 29. Bxg7+ Kxg7 30. Qd4+ Qf6 31. Rxc7 Rxc7 32. Ne5 Nc4 33. f4 exf3 34.
Nxf3 Qxd4+ 35. Nxd4 Ne3 36. Ra1 Rc4 37. Nf3 Nxd5 38. Rxa6 Rxb4 39. Rd6 Nc3 40.
g3 Rb2 41. Rc6 b4 42. Kf1 Nd5 43. Ke1 b3 44. Nd2 Nb4 45. Rb6 Nd3+ 46. Ke2 Nc5
47. Ke3 Ra2 48. Rb5 Rc2 49. Nxb3 Nxb3 50. Rxb3 Rxh2 51. Kf3 h5 52. Rb4 Kf6 53.
Rb6+ Kg5 54. Rb4 f5 55. Rb1 h4 56. Rg1 hxg3 57. Rxg3+ Kf6 0-1

[Event "Championnat de France Minimes"]
[Site "MONTBELIARD"]
[Date "2014.04.24"]
[Round "6.9"]
[White "Fesselier, Melissa"]
[Black "Imperor, Lorene"]
[Result "0-1"]
[WhiteElo "1804"]
[BlackElo "1878"]
[PlyCount "80"]
[EventDate "2014.??.??"]

1. e4 c5 2. Nf3 e6 3. d4 cxd4 4. Nxd4 Nf6 5. Nc3 d6 6. Be2 Be7 7. Be3 Nc6 8.
O-O O-O 9. Kh1 Bd7 10. Nb3 Rc8 11. f4 a6 12. Bd3 Ne8 13. Qf3 Bf6 14. a3 g6 15.
Qf2 Qc7 16. Nd4 Bg7 17. Nf3 b5 18. Rfd1 Qb7 19. Qe2 Na5 20. e5 d5 21. Qf2 f6
22. Qg3 Nc4 23. Bc1 Qb6 24. Qh4 fxe5 25. Ng5 Nf6 26. Bxc4 Rxc4 27. b3 Rd4 28.
Be3 Rxd1+ 29. Nxd1 d4 30. fxe5 dxe3 31. exf6 h6 32. Ne4 Qd4 33. c3 Bxf6 34. Qg4
Bg5 35. h4 Qe5 36. Nb2 Rf4 37. Qd1 Rxh4+ 38. Kg1 Qh2+ 39. Kf1 Qh1+ 40. Ke2
Qxg2+ 0-1

[Event "Championnat de France Minimes"]
[Site "MONTBELIARD"]
[Date "2014.04.25"]
[Round "7.6"]
[White "Chung, Mathilde"]
[Black "Auvray, Honorine"]
[Result "1/2-1/2"]
[WhiteElo "1949"]
[BlackElo "1966"]
[PlyCount "154"]
[EventDate "2014.??.??"]

1. d4 Nf6 2. c4 c5 3. d5 e6 4. Nc3 exd5 5. cxd5 d6 6. Nf3 g6 7. Bf4 a6 8. a4
Bg7 9. e4 O-O 10. Bd3 Re8 11. O-O Nh5 12. Be3 Nd7 13. Nd2 Ne5 14. Be2 Nf6 15.
h3 Rb8 16. a5 Qc7 17. f4 Ned7 18. Qc2 b5 19. axb6 Nxb6 20. Bf2 Nfxd5 21. exd5
Bxc3 22. Qxc3 Rxe2 23. Qd3 Re8 24. g4 Nxd5 25. Qxd5 Bb7 26. Qd3 Qc6 27. Nf3
Qxf3 28. Qxf3 Bxf3 29. Bxc5 Rxb2 30. Rxf3 dxc5 31. Rf2 Rxf2 32. Kxf2 Re6 33.
Ra5 Rc6 34. Ke3 c4 35. Kd2 c3+ 36. Kc2 Rc4 37. f5 Rc6 38. fxg6 hxg6 39. g5 Kf8
40. Re5 Re6 41. Ra5 Re3 42. h4 Re4 43. Kxc3 Rxh4 44. Rxa6 Rf4 45. Ra1 Rf5 46.
Rg1 Ke7 47. Kd4 f6 48. gxf6+ Kxf6 49. Ke4 Re5+ 50. Kf4 Rf5+ 51. Ke4 g5 52. Rg3
Rf4+ 53. Ke3 Kg6 54. Rf3 Ra4 55. Kf2 Kh5 56. Kg3 Ra5 57. Rf8 Ra3+ 58. Kg2 Kg4
59. Rf2 Kh4 60. Rb2 g4 61. Kh2 Rc3 62. Kg2 Rc4 63. Ra2 Kg5 64. Rf2 Rb4 65. Kg3
Rb3+ 66. Kg2 Rc3 67. Ra2 Kf4 68. Ra4+ Kg5 69. Ra2 Kh4 70. Rb2 Rf3 71. Rb5 Rf4
72. Rb8 Rd4 73. Rb2 g3 74. Ra2 Kg4 75. Rb2 Kf4 76. Ra2 Re4 77. Rb2 Kg4 1/2-1/2

[Event "Championnat de France Minimes"]
[Site "MONTBELIARD"]
[Date "2014.04.25"]
[Round "7.7"]
[White "Imperor, Lorene"]
[Black "Banat, Rizlene"]
[Result "1-0"]
[WhiteElo "1878"]
[BlackElo "1813"]
[PlyCount "119"]
[EventDate "2014.??.??"]

1. d4 Nf6 2. c4 g6 3. Nc3 d5 4. Bf4 Bg7 5. e3 O-O 6. cxd5 Nxd5 7. Nxd5 Qxd5 8.
Bxc7 Nc6 9. Ne2 Bf5 10. Nc3 Qd7 11. Bg3 Nb4 12. Bb5 Qe6 13. O-O Bh6 14. Qa4 a5
15. Rac1 Rfd8 16. h3 Nd5 17. Nxd5 Qxd5 18. Rc7 Qe4 19. Qa3 Bg5 20. Rd1 Qe6 21.
Be2 Qb6 22. Bf3 Ra7 23. Rdc1 Rd7 24. R1c3 Rxc7 25. Bxc7 Qb4 26. Qb3 Qxb3 27.
Rxb3 Bc8 28. Bb6 Ra8 29. Rb5 Bf6 30. Rxa5 Rxa5 31. Bxa5 b5 32. Be2 Bd7 33. Bc7
Kf8 34. Bf3 Be6 35. a3 Bc4 36. Bc6 e6 37. Bd6+ Be7 38. Bc5 e5 39. Bxe7+ Kxe7
40. dxe5 Ke6 41. f4 Ke7 42. Kf2 Kd8 43. Ke1 Kc7 44. Be4 Kb6 45. Kd2 Ka5 46. Kc3
Ka4 47. Bc2+ Ka5 48. Bd3 Bd5 49. e4 Bc6 50. g4 Bd7 51. f5 Be8 52. Kd4 b4 53.
axb4+ Kxb4 54. Bc4 Ka5 55. Kc5 h6 56. e6 fxe6 57. Bxe6 gxf5 58. exf5 Ba4 59. f6
Be8 60. f7 1-0

[Event "Championnat de France Minimes"]
[Site "MONTBELIARD"]
[Date "2014.04.25"]
[Round "7.8"]
[White "Koppe, Melissa"]
[Black "Afraoui, Anaelle"]
[Result "0-1"]
[WhiteElo "1621"]
[BlackElo "1812"]
[PlyCount "104"]
[EventDate "2014.??.??"]

1. e4 c5 2. Nf3 e6 3. d4 cxd4 4. Nxd4 Nf6 5. Qd3 Nc6 6. c4 a6 7. Nc3 Qc7 8. Be2
Be7 9. Nxc6 bxc6 10. O-O O-O 11. Be3 Rd8 12. f4 d5 13. Qc2 d4 14. e5 Ne8 15.
Bf2 dxc3 16. Qxc3 c5 17. a3 Rb8 18. Rab1 Qb7 19. Qa5 Qb6 20. Qxb6 Rxb6 21. b4
Rd2 22. Bf3 Kf8 23. bxc5 Rbb2 24. Rxb2 Rxb2 25. Rc1 Nc7 26. h3 a5 27. c6 Bxa3
28. Rd1 Ke7 29. Ra1 Bb4 30. Bb6 Kd8 31. Bxa5 Bxa5 32. Rxa5 Na6 33. Rb5 Rc2 34.
Rb6 Kc7 35. Rb3 Rxc4 36. g3 Nb8 37. Ra3 Nxc6 38. Ra8 Kb7 39. Ra2 Bd7 40. Rd2
Kc7 41. Ra2 Rb4 42. Rc2 Rb6 43. Be4 h6 44. Kf2 Kd8 45. Ra2 Ke7 46. Kf3 Nd4+ 47.
Kg4 f5+ 48. exf6+ Kxf6 49. Rd2 e5+ 50. Kh5 Rb5 51. fxe5+ Rxe5+ 52. Kh4 Rxe4+
0-1

[Event "Championnat de France Minimes"]
[Site "MONTBELIARD"]
[Date "2014.04.25"]
[Round "7.9"]
[White "Rouffignac, Marie"]
[Black "Leriche, Ines"]
[Result "1/2-1/2"]
[WhiteElo "1838"]
[BlackElo "1888"]
[PlyCount "70"]
[EventDate "2014.??.??"]

1. e4 c5 2. Nf3 g6 3. d4 cxd4 4. Nxd4 Nc6 5. c4 Bg7 6. Nc2 Nf6 7. Nc3 O-O 8.
Be2 d6 9. f3 a5 10. Be3 b6 11. Nd4 Nxd4 12. Bxd4 Nd7 13. O-O Bb7 14. Bxg7 Kxg7
15. Qd4+ Kg8 16. Rac1 Rc8 17. f4 Qc7 18. Bg4 Rfd8 19. b3 Qc5 20. Qxc5 bxc5 21.
Nd5 Bxd5 22. exd5 f5 23. Bf3 Nf6 24. Rfe1 Kf7 25. Rc3 Rc7 26. h3 h5 27. Rce3
Ra7 28. Bd1 Rb8 29. a4 Rab7 30. Bc2 Rc7 31. Kf2 Rb4 32. R1e2 Rcb7 33. Kf3 R4b6
34. Kf2 Rb4 35. Kf3 R4b6 1/2-1/2

[Event "Championnat de France Minimes"]
[Site "MONTBELIARD"]
[Date "2014.04.25"]
[Round "7.10"]
[White "Craquelin, Mathie"]
[Black "Le Bihan, Alison"]
[Result "0-1"]
[WhiteElo "1555"]
[BlackElo "1669"]
[PlyCount "120"]
[EventDate "2014.??.??"]

1. e4 c6 2. d4 g6 3. Nf3 d5 4. e5 Bg4 5. Nbd2 Bg7 6. Bd3 Nh6 7. h3 Bf5 8. Bxf5
Nxf5 9. Nf1 e6 10. c3 O-O 11. Ne3 Ne7 12. Ng4 Nd7 13. Bg5 Rc8 14. Qd2 Re8 15.
h4 h5 16. Nf6+ Bxf6 17. Bxf6 Nxf6 18. exf6 Nf5 19. Qg5 Nd6 20. Ne5 Ne4 21. Qf4
Qxf6 22. Qxf6 Nxf6 23. f3 c5 24. dxc5 Rxc5 25. O-O-O b5 26. Kb1 a5 27. g4 Rc7
28. Rdg1 Kf8 29. Rh2 Ke7 30. Rd2 Rh8 31. g5 Nd7 32. Nxd7 Kxd7 33. Rd4 Rhc8 34.
Rgd1 Rc4 35. Rxc4 Rxc4 36. Rd4 Ke7 37. f4 f6 38. Rxc4 dxc4 39. Kc2 fxg5 40.
fxg5 Kd6 41. Kd2 a4 42. Kc2 Kd5 43. b3 cxb3+ 44. axb3 a3 45. Kb1 e5 46. Ka2 e4
47. Kxa3 e3 48. Kb4 Kc6 49. c4 bxc4 50. Kxc4 e2 51. b4 e1=Q 52. b5+ Kb6 53. Kd5
Kxb5 54. Kd6 Kc4 55. Kd7 Qe5 56. Kc6 Qe6+ 57. Kb7 Kb5 58. Ka7 Qd7+ 59. Kb8 Kb6
60. Ka8 Qb7# 0-1

[Event "Championnat de France Minimes"]
[Site "MONTBELIARD"]
[Date "2014.04.26"]
[Round "8.6"]
[White "Auvray, Honorine"]
[Black "Imperor, Lorene"]
[Result "1-0"]
[WhiteElo "1966"]
[BlackElo "1878"]
[PlyCount "101"]
[EventDate "2014.??.??"]

1. e4 c5 2. Nf3 e6 3. d4 cxd4 4. Nxd4 Nf6 5. Nc3 d6 6. g3 Be7 7. Bg2 O-O 8. O-O
Nc6 9. Nb3 Bd7 10. Kh1 a6 11. f4 Qc7 12. g4 h6 13. g5 hxg5 14. fxg5 Nh7 15. Qh5
Ne5 16. Bf4 Ng6 17. Be3 Qd8 18. h4 Bc6 19. Nd4 Ne5 20. Bh3 Qe8 21. Rg1 Bd8 22.
Raf1 Ba5 23. Nxc6 bxc6 24. Bd4 Ng6 25. Qg4 e5 26. Be3 Rb8 27. Nd1 d5 28. h5 Nf4
29. Bxf4 exf4 30. Rxf4 Bd2 31. g6 fxg6 32. hxg6 Nf6 33. Qe6+ Qxe6 34. Bxe6+ Kh8
35. Rh4+ Bh6 36. Rxh6+ gxh6 37. g7+ Kh7 38. gxf8=Q Rxf8 39. exd5 cxd5 40. Nc3
Rd8 41. Bf5+ Kh8 42. Rg6 Rf8 43. Rxh6+ Kg7 44. Rh4 Rb8 45. b4 Re8 46. Rd4 Re5
47. Bc8 Re1+ 48. Kg2 Rc1 49. Rd2 d4 50. Ne2 d3 51. Nxc1 1-0

[Event "Championnat de France Minimes"]
[Site "MONTBELIARD"]
[Date "2014.04.26"]
[Round "8.7"]
[White "Le Bihan, Alison"]
[Black "Afraoui, Anaelle"]
[Result "1-0"]
[WhiteElo "1669"]
[BlackElo "1812"]
[PlyCount "109"]
[EventDate "2014.??.??"]

1. c4 Nf6 2. g3 g6 3. Bg2 Bg7 4. d4 O-O 5. Nf3 d6 6. O-O Nbd7 7. Nc3 e5 8. dxe5
dxe5 9. b3 Re8 10. Bb2 c6 11. Qc2 Qc7 12. Rfd1 Nc5 13. h3 e4 14. Nd4 e3 15. f4
Nh5 16. b4 Ne6 17. Nxe6 Bxe6 18. Ne4 f5 19. Bxg7 Qxg7 20. Nd6 Red8 21. Kh2 Rf8
22. Bf3 Rad8 23. c5 Nf6 24. Qd3 Bd5 25. Qxe3 Rd7 26. Qd2 Re7 27. Re1 Kh8 28.
Rad1 Re6 29. a3 Kg8 30. Kg2 Qe7 31. e3 Kh8 32. Qc3 Kg8 33. Kf2 Rb8 34. Rb1 Be4
35. Rbd1 Bd5 36. Rd2 Rf8 37. Rde2 Rxd6 38. cxd6 Qxd6 39. Qd4 a6 40. e4 fxe4 41.
Bxe4 Rd8 42. Bxd5+ Nxd5 43. Qe5 Qd7 44. Qe6+ Qxe6 45. Rxe6 Kf7 46. R6e5 Rd7 47.
f5 gxf5 48. Rxf5+ Kg6 49. g4 Nb6 50. Rfe5 Rf7+ 51. Kg3 Rd7 52. Re7 Rd3+ 53. Kh4
Nd5 54. R1e6+ Nf6 55. Rxb7 1-0

[Event "Championnat de France Minimes"]
[Site "MONTBELIARD"]
[Date "2014.04.26"]
[Round "8.8"]
[White "Haussernot, Cecile"]
[Black "Chung, Mathilde"]
[Result "1-0"]
[WhiteElo "2003"]
[BlackElo "1949"]
[PlyCount "57"]
[EventDate "2014.??.??"]

1. e4 e6 2. d4 d5 3. Nc3 Nc6 4. Bb5 Bb4 5. Nge2 Nge7 6. Bg5 dxe4 7. a3 Bxc3+ 8.
Nxc3 f6 9. Be3 f5 10. Qd2 a6 11. Bxc6+ Nxc6 12. O-O-O Rb8 13. f3 exf3 14. gxf3
b5 15. d5 Na5 16. Bc5 Nc4 17. Qe2 Qf6 18. dxe6 Bxe6 19. Rhe1 Kf7 20. f4 Rhe8
21. Qf3 a5 22. Bd4 Qe7 23. Nd5 Qd6 24. Qh5+ Kg8 25. Rg1 Qxd5 26. Rxg7+ Kf8 27.
Qh6 Bf7 28. Rxf7+ Kxf7 29. Qf6+ 1-0

[Event "Championnat de France Minimes"]
[Site "MONTBELIARD"]
[Date "2014.04.26"]
[Round "8.10"]
[White "Koppe, Melissa"]
[Black "Rouffignac, Marie"]
[Result "1/2-1/2"]
[WhiteElo "1621"]
[BlackElo "1838"]
[PlyCount "109"]
[EventDate "2014.??.??"]

1. e4 c5 2. Nf3 d6 3. d4 cxd4 4. Nxd4 Nf6 5. Nc3 g6 6. f3 Bg7 7. Be3 O-O 8. Qd2
Nc6 9. O-O-O d5 10. Nxc6 bxc6 11. exd5 Nxd5 12. Nxd5 cxd5 13. Qxd5 Qc7 14. Qc5
Qb7 15. Qb5 Qxb5 16. Bxb5 Rb8 17. Bc4 Bxb2+ 18. Kd2 a5 19. Ke2 Bf5 20. Bb3 Rfc8
21. Rd2 Bc3 22. Rdd1 Bb4 23. c4 Be6 24. Rc1 a4 25. Bxa4 Bxc4+ 26. Kf2 Bxa2 27.
Bf4 Rxc1 28. Rxc1 Ra8 29. Bb5 Be6 30. Bc4 Bxc4 31. Rxc4 Ra2+ 32. Kg3 Be1+ 33.
Kh3 Ra5 34. g4 g5 35. Bg3 Bd2 36. Rd4 Bc3 37. Rc4 Ra3 38. Rc5 h6 39. Rc6 Kg7
40. Rxc3 Rxc3 41. Be5+ Kg6 42. Bxc3 h5 43. Kg3 hxg4 44. Kxg4 e6 45. h4 gxh4 46.
Kxh4 Kf5 47. Bd2 e5 48. Kh5 Kf6 49. Kg4 Ke6 50. Kg5 f6+ 51. Kg6 f5 52. Kg5 f4
53. Kg4 Kd5 54. Bxf4 e4 55. Bd2 1/2-1/2

[Event "Championnat de France Minimes"]
[Site "MONTBELIARD"]
[Date "2014.04.27"]
[Round "9.6"]
[White "Le Bihan, Alison"]
[Black "Auvray, Honorine"]
[Result "1/2-1/2"]
[WhiteElo "1669"]
[BlackElo "1966"]
[PlyCount "106"]
[EventDate "2014.??.??"]

1. d4 Nf6 2. Nf3 g6 3. c4 c5 4. d5 e6 5. Nc3 exd5 6. cxd5 d6 7. Bf4 a6 8. a4
Bg7 9. e3 O-O 10. Be2 Ne8 11. O-O Nd7 12. Nd2 Qe7 13. e4 f5 14. exf5 Rxf5 15.
Bg3 Ne5 16. Re1 Qd8 17. f4 Nf7 18. Nde4 Bd4+ 19. Kh1 Nh6 20. Ng5 Nc7 21. Bf3
Bd7 22. Qb3 Rb8 23. Ne6 Qc8 24. a5 Bxc3 25. bxc3 Rf7 26. Re2 Nf5 27. Bf2 Ng7
28. Ng5 Rf8 29. g3 h6 30. Ne4 Bg4 31. Bxg4 Qxg4 32. Rae1 Qf3+ 33. Kg1 Nb5 34.
Re3 Qg4 35. Kg2 Nf5 36. Rd3 Nh4+ 37. Kh1 Qh3 38. Rg1 Rxf4 39. c4 Rxe4 40. gxh4
Qf5 41. cxb5 Qxf2 42. bxa6 Re2 43. Rh3 Re1 44. Rhg3 Rxg1+ 45. Rxg1 Qf5 46. a7
Qe4+ 47. Rg2 Qe1+ 48. Rg1 Qe4+ 49. Rg2 Qe1+ 50. Rg1 Qe4+ 51. Rg2 Qf5 52. Rg1
Qe4+ 53. Rg2 Qe1+ 1/2-1/2

[Event "Championnat de France Minimes"]
[Site "MONTBELIARD"]
[Date "2014.04.27"]
[Round "9.7"]
[White "Imperor, Lorene"]
[Black "Haussernot, Cecile"]
[Result "1-0"]
[WhiteElo "1878"]
[BlackElo "2003"]
[PlyCount "92"]
[EventDate "2014.??.??"]

1. d4 Nf6 2. Bf4 e6 3. e3 c5 4. c3 Qb6 5. Qb3 d5 6. Nf3 c4 7. Qc2 Nc6 8. b3
cxb3 9. axb3 Bd7 10. Nbd2 Be7 11. h3 O-O 12. Bd3 Rac8 13. Qa2 Bb4 14. cxb4 Nxb4
15. Qb1 Rc1+ 16. Qxc1 Nxd3+ 17. Kf1 Nxc1 18. Rxc1 Nh5 19. Bc7 Rc8 20. g4 Rxc7
21. Rxc7 Ng3+ 22. Kg2 Qxc7 23. fxg3 Qc2 24. Ra1 a6 25. Re1 Bb5 26. e4 dxe4 27.
Rxe4 Bc6 28. Re2 Bxf3+ 29. Kxf3 Qd3+ 30. Kf2 Qxd4+ 31. Kg2 Qd5+ 32. Kh2 Qd3 33.
Rf2 f6 34. h4 e5 35. g5 e4 36. Rg2 e3 37. Nf3 e2 38. Ne1 Qd1 39. Rg1 Qxb3 40.
gxf6 gxf6 41. g4 Qd1 42. Nf3 a5 43. g5 f5 44. h5 a4 45. Ne1 a3 46. g6 a2 1-0

[Event "Championnat de France Minimes"]
[Site "MONTBELIARD"]
[Date "2014.04.27"]
[Round "9.8"]
[White "Aubert, Laurane"]
[Black "Leriche, Ines"]
[Result "0-1"]
[WhiteElo "1722"]
[BlackElo "1888"]
[PlyCount "110"]
[EventDate "2014.??.??"]

1. e4 c5 2. Nc3 g6 3. g3 Bg7 4. Bg2 d6 5. d3 Nc6 6. Be3 Rb8 7. f4 Nf6 8. h3 O-O
9. Nf3 Nd7 10. O-O b5 11. Qe1 b4 12. Nd1 Qa5 13. g4 Ba6 14. Nd2 Nd4 15. Bxd4
Bxd4+ 16. Kh1 Bg7 17. f5 e6 18. Qh4 Qd8 19. Qg3 Be5 20. Qf2 Qf6 21. Rb1 g5 22.
Nf3 Bf4 23. h4 h6 24. Re1 Ne5 25. Bh3 exf5 26. gxf5 g4 27. Rg1 h5 28. Nxe5 Bxe5
29. Bxg4 hxg4 30. Rxg4+ Kh8 31. Rg5 Rg8 32. Qg2 Qh6 33. Qg4 Bf6 34. Rh5 Rxg4
35. Rxh6+ Kg7 36. Ne3 Rxh4+ 37. Rxh4 Bxh4 38. Rg1+ Kf8 39. Nd5 Bb7 40. Rg4 Bd8
41. Nf4 Bf6 42. b3 Ke7 43. Nh5 Rh8 44. Kg2 Rxh5 45. Rf4 Be5 46. Rf2 Rh2+ 47.
Kf3 Rxf2+ 48. Kxf2 Kf6 49. Kf3 Kg5 50. Ke3 d5 51. Kf3 dxe4+ 52. dxe4 Bd4 53. f6
Kxf6 54. Kf4 Ke6 55. Kf3 Ke5 0-1

[Event "Championnat de France Minimes"]
[Site "MONTBELIARD"]
[Date "2014.04.27"]
[Round "9.9"]
[White "Afraoui, Anaelle"]
[Black "Banat, Rizlene"]
[Result "1-0"]
[WhiteElo "1812"]
[BlackElo "1813"]
[PlyCount "113"]
[EventDate "2014.??.??"]

1. e4 c5 2. Nf3 e6 3. b3 a6 4. Bb2 b5 5. a4 bxa4 6. Rxa4 Bb7 7. Bd3 Bc6 8. Ra1
Nf6 9. Nc3 Be7 10. O-O h6 11. Qe2 d6 12. Bxa6 O-O 13. Bd3 Nbd7 14. e5 dxe5 15.
Nxe5 Nxe5 16. Qxe5 Bd6 17. Qe2 Qb8 18. g3 Qb7 19. f3 Rxa1 20. Bxa1 Ra8 21. Ne4
Nxe4 22. Bxe4 Bxe4 23. Qxe4 Qxe4 24. fxe4 Ra2 25. Rc1 e5 26. Kf1 f6 27. Ke2 c4
28. bxc4 Ba3 29. Rb1 Rxc2 30. Bc3 Bc5 31. Ra1 Bd4 32. Bxd4 Rxc4 33. Be3 Rxe4
34. Kf3 Rc4 35. Ra3 Kh7 36. Rc3 Ra4 37. Rc7 Kg6 38. Bc5 Ra8 39. h4 Rd8 40. h5+
Kh7 41. Be7 Rd3+ 42. Ke4 Rd4+ 43. Ke3 Kg8 44. Bc5 Rg4 45. Kf3 Ra4 46. Rb7 Rc4
47. Bb4 Rc2 48. Bc3 Ra2 49. Ke4 Ra4+ 50. Kf5 Kh7 51. Bb4 Ra8 52. Be7 Ra1 53.
Bf8 Rf1+ 54. Ke6 Rf3 55. Rxg7+ Kh8 56. Kf7 Rd3 57. Rg6 1-0

[Event "Championnat de France Minimes"]
[Site "MONTBELIARD"]
[Date "2014.04.27"]
[Round "9.10"]
[White "Chung, Mathilde"]
[Black "Sauve, Anne-Charlotte"]
[Result "1-0"]
[WhiteElo "1949"]
[BlackElo "1765"]
[PlyCount "127"]
[EventDate "2014.??.??"]

1. d4 d5 2. c4 e6 3. Nc3 Be7 4. Nf3 Nf6 5. Bf4 O-O 6. e3 b6 7. cxd5 Nxd5 8.
Nxd5 Qxd5 9. Bd3 Bb4+ 10. Ke2 Ba6 11. a3 Be7 12. Bxa6 Nxa6 13. Qd3 Qb7 14. b4
Rfd8 15. Qb3 Rac8 16. Rhc1 Bf6 17. Rab1 c6 18. Ne5 Bxe5 19. Bxe5 Nc7 20. Rc2
Qa6+ 21. Ke1 Nd5 22. Rbc1 Qb5 23. e4 Ne7 24. Qg3 Ng6 25. Bd6 a5 26. bxa5 Qxa5+
27. Bb4 Qb5 28. Qe3 e5 29. d5 c5 30. g3 Ra8 31. Bd2 Ra4 32. Rc3 Ne7 33. Rb3 Qa6
34. Rcb1 Nc8 35. f3 f6 36. Bc1 Rd7 37. Qe2 Qa5+ 38. Qd2 Qa6 39. Qa2 Kh8 40. Rb5
Rb7 41. Qb2 Ra5 42. Rb3 c4 43. Rb4 b5 44. Rxc4 Nd6 45. Rc6 Rb6 46. Rxb6 Qxb6
47. Qf2 Qc7 48. Qb2 Qa7 49. Qb4 Qb6 50. Ke2 h6 51. Qc3 Ra6 52. Be3 Qb7 53. Qb4
Qc7 54. Bc5 Ra4 55. Qc3 Rc4 56. Bxd6 Rxc3 57. Bxc7 Rxc7 58. Rxb5 Kg8 59. Kd3
Kf7 60. a4 Ra7 61. a5 Ke7 62. Kc4 Kd6 63. Rb6+ Kd7 64. a6 1-0